[Event "Hostturnering"]
[Site "Fredrikstad"]
[Date "1993.??.??"]
[Round "6"]
[White "Svendsen, Arne"]
[Black "Andersen, Harry"]
[Result "0-1"]
[WhiteElo "1300"]
[BlackElo "1600"]
[PlyCount "72"]
[EventDate "1993.??.??"]
[EventType "swiss"]
[EventRounds "9"]
[EventCountry "NOR"]
[SourceTitle "EXT 2006"]
[Source "ChessBase"]
[SourceDate "2005.11.24"]
[SourceVersion "1"]
[SourceVersionDate "2005.11.24"]
[SourceQuality "1"]

1. e4 Nf6 2. Nc3 d5 3. e5 Ng4 4. f4 c5 5. d4 Nc6 6. Bb5 cxd4 7. Bxc6+ bxc6 8. Qxd4 e6 9. b4 a5 10. Ba3 axb4 11. Bxb4 Bxb4 12. Qxb4 Ne3 13. Rc1 Nxg2+ 14. Kf2 Nh4 15. Nf3 Nxf3 16. Kxf3 Qa5 17. Qxa5 Rxa5 18. Rb1 Rc5 19. Rb3 0-0 20. Rc1 Ba6 21. a4 f6 22. exf6 Rc4 23. Rcb1 Rxf6 24. Rb8+ Kf7 25. Ne2 Rxa4 26. Ng3 Rfxf4+ 27. Kg2 Bb5 28. Rb7+ Kg6 29. Re7 Kf6 30. Rc7 g6 31. Rxh7 Ra2 32. Rc1 d4 33. Rh6 Kg7 34. Rh5 d3 35. Rc5 Bc4 36. Rxc6 Bd5+ 0-1